|
|
|
|
| LEADER |
00000nam0a2200000 4500 |
| 001 |
34927 |
| 005 |
20231101210252.0 |
| 035 |
|
|
|a (RuTPU)RU\TPU\book\35342
|
| 035 |
|
|
|a BOOK00001994
|
| 090 |
|
|
|a 34927
|
| 100 |
|
|
|a 20011210d1984 k y0rusy50 ca
|
| 101 |
1 |
|
|a rus
|c eng
|
| 102 |
|
|
|a RU
|
| 105 |
|
|
|a y z 000zy
|
| 200 |
1 |
|
|a Цифровые системы управления
|e пер. с англ.
|f Р. Изерман
|
| 210 |
|
|
|a Москва
|c Мир
|d 1984
|
| 215 |
|
|
|a 541 с.
|
| 316 |
|
|
|5 63413507: 84-6090
|a На переднем форзаце владельческая надпись: "Хорьков. 26.10.84"
|
| 606 |
1 |
|
|a Импульсные системы линейные
|2 stltpush
|3 (RuTPU)RU\TPU\subj\12441
|9 39221
|
| 610 |
1 |
|
|a технологические процессы
|
| 610 |
1 |
|
|a автоматизация
|
| 610 |
1 |
|
|a управление
|
| 610 |
1 |
|
|a автоматические системы
|
| 610 |
1 |
|
|a дискретные системы
|
| 610 |
1 |
|
|a расчеты
|
| 610 |
1 |
|
|a проектирование
|
| 610 |
1 |
|
|a теория
|
| 610 |
1 |
|
|a связные системы
|
| 610 |
1 |
|
|a многомерные системы
|
| 610 |
1 |
|
|a адаптивные системы
|
| 610 |
1 |
|
|a цифровое управление
|
| 610 |
1 |
|
|a владельческая надпись
|
| 675 |
|
|
|a 681.511.22
|v 3
|
| 700 |
|
1 |
|a Изерман
|b Р.
|g Рольф
|
| 702 |
|
1 |
|a Хорьков
|b К. А.
|c российский ученый, специалист в области электротехники
|c профессор кафедры робототехнических систем Томского политехнического университета
|f 1936-2002
|g Константин Александрович
|2 stltpush
|3 (RuTPU)RU\TPU\pers\19881
|4 390
|
| 801 |
|
0 |
|a RU
|b 63413507
|c 20011210
|g PSBO
|
| 801 |
|
2 |
|a RU
|b 63413507
|c 20201110
|g PSBO
|
| 900 |
|
|
|a Автоматизация технологических процессов
|
| 900 |
|
|
|a Телеконтроль и телеуправление
|
| 900 |
|
|
|a Цифровые системы управления
|
| 900 |
|
|
|a Программное обеспечение АСУ ТП
|
| 942 |
|
|
|c BK
|